00910nam a2200277 a 450000100060000000300080000600500170001400800410003102000190007202000150009103500190010604000350012504100080016008200240016810000310019224500570022326000470028030000310032749000360035850000180039465000220041265000270043494200120046199900170047395201420049061310BD-RjUL20211209080939.0170117s1987 enk 001 0 eng d a0333384083 pbk a0333384075 a(BD-RjUL)61434 aBD-RjULbengcBD-RjULdBD-RjUL aeng a658.8223bWAM 19871 aWaterworth, Derek.918284710aMarketing for the small business /cDerek Waterworth aBasingstoke :bMacmillan Education,cc1987 ax, 294 p. :bill. ;c24 cm0 aMacmillan small business series aInclude index 0aMarketing9182579 0aSmall business9175284 2ddccBK c61310d61310 00102ddc40718NFICaRUCLbRUCLcReadingd1991-09-24eAbaens londong40.00l0o658.8 WAM 1987r2017-01-17 00:00:00tC-1w2017-01-17yBK